00846nam a2200241Ia 4500001000600000003000900006008004100015040001300056040001300069041001300082100001900095100002900114245005900143245010000202250001100302260001900313260001500332260004900347300005900396500010300455650001500558650003100573A8263IT-RoPAU130308s9999 xx 000 0 und d aIT-RoPAU cIT-RoPAU aITALIANO aDonghi Antonio gCodice Aut. SPICS: 33974 aAppunti per una teologia liturgica sul triduo pasquale bMessale romano del Vaticano Ii (Il)-1-La celebrazione del mistero di Cristo nell'Anno Liturgico a1a ed. aTORINO/LEUMANN bElle Di Ci c1984 [1° Ed.:1984 - Ed.Ling.Originale:1984] a"10 p. (prefazione: no ; testo: 10 [pagine: 399-408])" aProspettiva Storico Salvifica. Attualizzazione Eucaristica. Triduo Sacro nella Vita dei Discepoli. aEUCARISTIA eCodice materia Spics: 9153